[Event "Oberliga Ost A 2016 2017"]
[Site "Germany"]
[Date "2017.02.19"]
[Round "7.4"]
[White "Hartge, Gedeon"]
[Black "Jaeger, Dominik"]
[Result "1/2-1/2"]
[WhiteElo "2089"]
[BlackElo "2280"]
[PlyCount "73"]
[EventDate "2016.10.16"]
[EventType "team-tourn"]
[EventCountry "GER"]
[WhiteTeam "Halle USV"]
[BlackTeam "Magdeburg SV Rochade"]
[WhiteTeamCountry "GER"]
[BlackTeamCountry "GER"]

1. d4 Nf6 2. c4 e6 3. Nc3 Bb4 4. e3 O-O 5. Nge2 Re8 6. a3 Bf8 7. Ng3 d5 8. cxd5
exd5 9. Bd3 c5 10. O-O Nc6 11. dxc5 Bxc5 12. b4 Bd6 13. Bb2 a6 14. Nce2 Ne5 15.
Nd4 Bg4 16. Be2 Bxe2 17. Qxe2 Nc4 18. Ndf5 Be5 19. Bxe5 Rxe5 20. Rfd1 g6 21.
Nh6+ Kg7 22. Ng4 Nxg4 23. Qxg4 a5 24. Qd4 Qf6 25. Ne2 axb4 26. axb4 Rxa1 27.
Rxa1 Re6 28. Qxf6+ Kxf6 29. Nf4 Rd6 30. Rd1 g5 31. Nxd5+ Ke5 32. f4+ gxf4 33.
exf4+ Ke4 34. Nc3+ Ke3 35. Nd5+ Ke4 36. Nc3+ Ke3 37. Nd5+ 1/2-1/2

[Event "Oberliga Ost A 2016 2017"]
[Site "Germany"]
[Date "2017.02.19"]
[Round "7.5"]
[White "Niering, Martin"]
[Black "Reipsch, Jens"]
[Result "1/2-1/2"]
[WhiteElo "2226"]
[BlackElo "2222"]
[PlyCount "47"]
[EventDate "2016.10.16"]
[EventType "team-tourn"]
[EventCountry "GER"]
[WhiteTeam "Magdeburg SV Rochade"]
[BlackTeam "Halle USV"]
[WhiteTeamCountry "GER"]
[BlackTeamCountry "GER"]

1. e4 e5 2. Nf3 Nc6 3. Bc4 Nf6 4. Ng5 d5 5. exd5 Na5 6. Bb5+ c6 7. dxc6 bxc6 8.
Be2 h6 9. Nh3 Bc5 10. d3 Nd5 11. Bf3 O-O 12. Nc3 Nxc3 13. bxc3 Qh4 14. Qe2 Bxh3
15. gxh3 e4 16. dxe4 Qxh3 17. Bf4 f5 18. e5 Rae8 19. Rg1 Kh8 20. Rd1 Qh4 21.
Bg3 Qe7 22. Bf4 Qh4 23. Bg3 Qe7 24. Bf4 1/2-1/2

[Event "Oberliga Ost A 2016 2017"]
[Site "Germany"]
[Date "2017.02.19"]
[Round "7.6"]
[White "Altstadt, Karl Simon"]
[Black "Stolz, Mike"]
[Result "1/2-1/2"]
[WhiteElo "2002"]
[BlackElo "2319"]
[PlyCount "273"]
[EventDate "2016.10.16"]
[EventType "team-tourn"]
[EventCountry "GER"]
[WhiteTeam "Halle USV"]
[BlackTeam "Magdeburg SV Rochade"]
[WhiteTeamCountry "GER"]
[BlackTeamCountry "GER"]

1. e4 e6 2. d4 d5 3. Nc3 Bb4 4. exd5 exd5 5. Bd3 Ne7 6. Qh5 Be6 7. Nge2 Qd7 8.
O-O Nbc6 9. Be3 Bf5 10. Nf4 Bxd3 11. Nxd3 Bxc3 12. bxc3 Qf5 13. Qxf5 Nxf5 14.
Bf4 O-O-O 15. Rfe1 Rhe8 16. Kf1 b6 17. f3 f6 18. Rxe8 Rxe8 19. Re1 Rxe1+ 20.
Kxe1 Kd7 21. g4 Nfe7 22. h4 Nd8 23. Kd2 Ne6 24. h5 g6 25. hxg6 hxg6 26. Ke3 Nc6
27. Bg3 Na5 28. Bh4 Nc4+ 29. Ke2 g5 30. Bg3 Na3 31. Kd1 a5 32. Bf2 Kc6 33. Kc1
Kb5 34. Bg3 Nc4 35. f4 gxf4 36. Nxf4 Nxf4 37. Bxf4 Kc6 38. Kd1 Kd7 39. Ke2 b5
40. Kd3 Nb6 41. Ke2 Nc8 42. Ke3 Ne7 43. Bg3 Ng6 44. Kd3 Nf8 45. Bh4 Ke7 46. Bg3
Ne6 47. Ke3 Kf7 48. Kf3 Kg6 49. Bh2 f5 50. gxf5+ Kxf5 51. Be5 c6 52. Ke3 Kg4
53. Bb8 Ng7 54. Bc7 Nf5+ 55. Ke2 a4 56. Be5 Nh4 57. Ke3 Nf3 58. Bd6 Ne1 59. Kd2
Ng2 60. Ke2 Nh4 61. Bb8 Nf3 62. Ke3 Ng5 63. Bc7 Ne4 64. Ba5 Nd6 65. Bc7 Nc4+
66. Ke2 Kf5 67. Kd3 Nb2+ 68. Ke3 Nd1+ 69. Kd2 Nf2 70. Ke3 Ne4 71. Ba5 Kg5 72.
Bd8+ Kg4 73. Ba5 Kg3 74. Ke2 Kg2 75. Bb4 Ng5 76. Be7 Nh3 77. Bd6 Ng1+ 78. Ke1
Kf3 79. Kd2 Kf2 80. Bf8 Nf3+ 81. Kd1 Ng5 82. Be7 Ne4 83. Bb4 Ke3 84. Ke1 Nf2
85. Bf8 Ng4 86. Be7 Nh2 87. Bg5+ Ke4 88. Be7 Ng4 89. Ke2 Ne3 90. Kd2 Ng2 91.
Ke2 Nf4+ 92. Kd2 Ne6 93. Ke2 Nc7 94. Bd6 Na6 95. Be7 Kf5 96. Ke3 Ke6 97. Bf8
Kd7 98. Kf4 c5 99. dxc5 Kc6 100. Ke3 Nc7 101. Kd3 Ne6 102. Bh6 Nxc5+ 103. Kd2
Ne4+ 104. Kd3 Nd6 105. Bg7 Nf5 106. Bf8 Kd7 107. Bc5 Ke6 108. Bf2 Ke5 109. Bb6
Kf4 110. Ba7 Kf3 111. Bb6 Kg2 112. Ke2 Kg3 113. Bc7+ Kg4 114. Kf2 Kg5 115. Be5
Kg6 116. Bc7 Kf6 117. Bb6 Ke6 118. Ba7 Ne7 119. Bc5 Nc6 120. Ke3 Ne5 121. Bf8
Nd7 122. Bb4 Ke5 123. Ba5 Kd6 124. Bb4+ Kc6 125. Kd4 Nf6 126. Be7 Nh5 127. Bg5
Ng3 128. Kd3 Nf5 129. Bf6 Kc5 130. Be5 b4 131. cxb4+ Kxb4 132. Bb2 Nd6 133. Kd4
Nb5+ 134. Kxd5 Nc3+ 135. Kd4 Nxa2 136. Kd3 Kb5 137. c3 1/2-1/2

[Event "Oberliga Ost A 2016 2017"]
[Site "Germany"]
[Date "2017.02.19"]
[Round "7.7"]
[White "Waechter, Nathalie"]
[Black "Groeger, Stefan"]
[Result "1-0"]
[WhiteElo "1974"]
[BlackElo "2166"]
[PlyCount "75"]
[EventDate "2016.10.16"]
[EventType "team-tourn"]
[EventCountry "GER"]
[WhiteTeam "Magdeburg SV Rochade"]
[BlackTeam "Halle USV"]
[WhiteTeamCountry "GER"]
[BlackTeamCountry "GER"]

1. d4 Nf6 2. c4 e6 3. Nc3 Bb4 4. Qc2 d6 5. a3 Bxc3+ 6. Qxc3 Nbd7 7. Qg3 O-O 8.
Bg5 Ne4 9. Bxd8 Nxg3 10. hxg3 Rxd8 11. e3 a5 12. Bd3 h6 13. b3 Re8 14. Kd2 Nf6
15. Rc1 c5 16. Ne2 Bd7 17. Nc3 Bc6 18. f3 Kf8 19. Ke2 Ke7 20. Rhd1 Red8 21. Kf2
b6 22. Be2 Rac8 23. d5 exd5 24. cxd5 Be8 25. e4 Rb8 26. f4 Nd7 27. Bb5 f6 28.
Re1 Nf8 29. e5 Bxb5 30. exf6+ Kxf6 31. Nxb5 a4 32. bxa4 Ra8 33. Rc4 Ra5 34.
Rce4 Rda8 35. Nc3 b5 36. Nxb5 Rxa4 37. Nxd6 Rxa3 38. Re6+ 1-0

[Event "Oberliga Ost A 2016 2017"]
[Site "Germany"]
[Date "2017.02.19"]
[Round "7.8"]
[White "Hentzgen, Thomas"]
[Black "Kahe, Ralph"]
[Result "1/2-1/2"]
[WhiteElo "2061"]
[BlackElo "2147"]
[PlyCount "37"]
[EventDate "2016.10.16"]
[EventType "team-tourn"]
[EventCountry "GER"]
[WhiteTeam "Halle USV"]
[BlackTeam "Magdeburg SV Rochade"]
[WhiteTeamCountry "GER"]
[BlackTeamCountry "GER"]

1. d4 g6 2. Nf3 Bg7 3. g3 c5 4. d5 d6 5. c4 e6 6. Nc3 exd5 7. Nxd5 Nc6 8. Bg2
Nf6 9. Bg5 h6 10. Bxf6 Bxf6 11. Nxf6+ Qxf6 12. O-O O-O 13. Qd2 Kg7 14. Rfd1 Rd8
15. Rac1 Be6 16. Ne1 Rac8 17. b3 b6 18. Nc2 Ne7 19. Ne3 1/2-1/2

[Event "Oberliga Ost A 2016 2017"]
[Site "Germany"]
[Date "2017.02.19"]
[Round "7.1"]
[White "Schmidt Schaeffer, Sebastian"]
[Black "Langrock, Hannes"]
[Result "1/2-1/2"]
[WhiteElo "2383"]
[BlackElo "2405"]
[PlyCount "69"]
[EventDate "2016.10.16"]
[EventType "team-tourn"]
[EventCountry "GER"]
[WhiteTeam "Naumburger SV"]
[BlackTeam "Leipzig SG"]
[WhiteTeamCountry "GER"]
[BlackTeamCountry "GER"]

1. d4 e6 2. Nf3 d5 3. c4 Nf6 4. Nc3 dxc4 5. e4 Bb4 6. Qc2 c5 7. dxc5 Qa5 8. e5
Nd5 9. Bxc4 Nxc3 10. bxc3 Bxc3+ 11. Bd2 Bxd2+ 12. Qxd2 Qxc5 13. Rc1 Nc6 14. O-O
Qe7 15. Rfd1 O-O 16. Bd3 Rd8 17. Rxc6 bxc6 18. Bxh7+ Kxh7 19. Qxd8 Qxd8 20.
Rxd8 c5 21. Ng5+ Kg6 22. f4 Bb7 23. Rd7 Bd5 24. Nxf7 Kf5 25. g3 Ke4 26. Kf2 Rb8
27. Nd6+ Kd4 28. g4 Rb2+ 29. Kg3 Rxa2 30. Rxg7 c4 31. Rc7 a6 32. f5 exf5 33.
gxf5 Kxe5 34. Nxc4+ Bxc4 35. Rxc4 1/2-1/2

[Event "Oberliga Ost A 2016 2017"]
[Site "Germany"]
[Date "2017.02.19"]
[Round "7.2"]
[White "Richter, Leonard"]
[Black "Gering, Samuel"]
[Result "1/2-1/2"]
[WhiteElo "2282"]
[BlackElo "2079"]
[PlyCount "86"]
[EventDate "2016.10.16"]
[EventType "team-tourn"]
[EventCountry "GER"]
[WhiteTeam "Leipzig SG"]
[BlackTeam "Naumburger SV"]
[WhiteTeamCountry "GER"]
[BlackTeamCountry "GER"]

1. e4 g6 2. d4 Bg7 3. Nc3 d6 4. Be3 a6 5. Qd2 b5 6. f3 Nd7 7. O-O-O Bb7 8. g4
h6 9. h4 Ngf6 10. Nh3 b4 11. Ne2 c5 12. dxc5 dxc5 13. g5 hxg5 14. hxg5 Nh5 15.
Nhf4 Ne5 16. Qxd8+ Rxd8 17. Rxd8+ Kxd8 18. Nxh5 gxh5 19. Ng3 Nxf3 20. Be2 Bd4
21. Bf4 e5 22. Bxf3 exf4 23. Nxh5 Rg8 24. c3 bxc3 25. bxc3 Bxc3 26. Rd1+ Kc7
27. Nxf4 Rxg5 28. Nd5+ Bxd5 29. exd5 Kd6 30. Kc2 Bb4 31. Kd3 Rg3 32. Ke4 a5 33.
Rh1 c4 34. Rh6+ Rg6 35. Rh8 c3 36. Rc8 Kd7 37. Rc4 Rd6 38. Ke5 Ke7 39. Rc7+ Rd7
40. Rxd7+ Kxd7 41. Be4 Ke7 42. Bc2 f6+ 43. Kd4 Kd6 1/2-1/2

[Event "Oberliga Ost A 2016 2017"]
[Site "Germany"]
[Date "2017.02.19"]
[Round "7.3"]
[White "Heinrich, Julius Tobias"]
[Black "Schubert, Thomas"]
[Result "1/2-1/2"]
[WhiteElo "2055"]
[BlackElo "2362"]
[PlyCount "38"]
[EventDate "2016.10.16"]
[EventType "team-tourn"]
[EventCountry "GER"]
[WhiteTeam "Naumburger SV"]
[BlackTeam "Leipzig SG"]
[WhiteTeamCountry "GER"]
[BlackTeamCountry "GER"]

1. e4 c6 2. d4 d5 3. f3 dxe4 4. fxe4 e5 5. Nf3 Be6 6. c3 Nd7 7. Nbd2 exd4 8.
cxd4 h6 9. Bd3 Ngf6 10. O-O Be7 11. Qe2 Nf8 12. Nc4 Ng6 13. Be3 O-O 14. b3 Re8
15. Qc2 Nf8 16. Rad1 Rc8 17. Qb1 Ng4 18. Bc1 h5 19. Ne3 Qb6 1/2-1/2

[Event "Oberliga Ost A 2016 2017"]
[Site "Germany"]
[Date "2017.02.19"]
[Round "7.4"]
[White "Boehnisch, Manfred"]
[Black "Fritsch, Andreas"]
[Result "1-0"]
[WhiteElo "2302"]
[BlackElo "2066"]
[PlyCount "115"]
[EventDate "2016.10.16"]
[EventType "team-tourn"]
[EventCountry "GER"]
[WhiteTeam "Leipzig SG"]
[BlackTeam "Naumburger SV"]
[WhiteTeamCountry "GER"]
[BlackTeamCountry "GER"]

1. e4 Nc6 2. Nc3 Nf6 3. Nf3 d5 4. exd5 Nxd5 5. g3 Bg4 6. Bg2 Nd4 7. h3 Nxc3 8.
bxc3 Bxf3 9. Bxf3 Nxf3+ 10. Qxf3 c6 11. Rb1 Qd7 12. O-O O-O-O 13. Qxf7 Qxh3 14.
Re1 h5 15. d3 h4 16. Qe6+ Qxe6 17. Rxe6 hxg3 18. fxg3 Kd7 19. Re4 Kc8 20. Bg5
Re8 21. Rbe1 Kd7 22. Re6 Rh5 23. Rg6 e5 24. Rf1 Kc7 25. Rf7+ Kc8 26. Kg2 Kb8
27. c4 Kc8 28. a4 Rh8 29. Be3 a6 30. Rg4 Rg8 31. Rg5 g6 32. Rg4 Re6 33. Kf3 Be7
34. Ke4 Rh8 35. Rg7 Rh2 36. R4xg6 Rxg6 37. Rxg6 Re2 38. c3 Kd7 39. g4 a5 40. d4
Ra2 41. Kxe5 Rxa4 42. Rg7 Ra2 43. d5 Re2 44. Kd4 Re1 45. Kd3 cxd5 46. cxd5 Rd1+
47. Bd2 Ke8 48. Ke2 Rb1 49. Rg8+ Kf7 50. Ra8 b6 51. Ra7 Ke8 52. Bf4 Rb2+ 53.
Kd3 Rf2 54. Ke4 Rc2 55. Be5 Re2+ 56. Kf5 Bd8 57. Ke6 b5 58. d6 1-0

[Event "Oberliga Ost A 2016 2017"]
[Site "Germany"]
[Date "2017.02.19"]
[Round "7.5"]
[White "Haertig, Jens"]
[Black "Solberg, Joachim"]
[Result "1/2-1/2"]
[WhiteElo "2137"]
[BlackElo "2222"]
[PlyCount "60"]
[EventDate "2016.10.16"]
[EventType "team-tourn"]
[EventCountry "GER"]
[WhiteTeam "Naumburger SV"]
[BlackTeam "Leipzig SG"]
[WhiteTeamCountry "GER"]
[BlackTeamCountry "GER"]

1. c4 e5 2. Nc3 Nf6 3. g3 d5 4. cxd5 Nxd5 5. Bg2 Nb6 6. Nf3 Nc6 7. O-O Be7 8.
d3 O-O 9. a3 a5 10. Be3 Be6 11. Ne4 f6 12. Nc5 Bxc5 13. Bxc5 Re8 14. Rc1 Qd7
15. e3 Rad8 16. d4 e4 17. Nd2 f5 18. Bxb6 cxb6 19. Qa4 b5 20. Qc2 a4 21. b4 Rc8
22. Qb2 Ne7 23. Rxc8 Rxc8 24. Rc1 Nd5 25. Bf1 Rxc1 26. Qxc1 b6 27. Be2 g6 28.
h4 h5 29. Kf1 Kf8 30. Ke1 Ke7 1/2-1/2

[Event "Oberliga Ost A 2016 2017"]
[Site "Germany"]
[Date "2017.02.19"]
[Round "7.6"]
[White "Rausch, Stephan"]
[Black "Ruemmler, Roland"]
[Result "1-0"]
[WhiteElo "2277"]
[BlackElo "1952"]
[PlyCount "103"]
[EventDate "2016.10.16"]
[EventType "team-tourn"]
[EventCountry "GER"]
[WhiteTeam "Leipzig SG"]
[BlackTeam "Naumburger SV"]
[WhiteTeamCountry "GER"]
[BlackTeamCountry "GER"]

1. d4 Nf6 2. Nf3 g6 3. c4 Bg7 4. Nc3 c5 5. e4 cxd4 6. Nxd4 d6 7. Be2 Nc6 8. Be3
O-O 9. O-O Bd7 10. Nxc6 Bxc6 11. f3 b6 12. Qd2 Ne8 13. Bd4 e5 14. Be3 f5 15.
Rad1 Rc8 16. Nd5 Bxd5 17. Qxd5+ Kh8 18. Qd2 Qe7 19. a4 Qb7 20. Bd3 f4 21. Bf2
Bf6 22. Be2 g5 23. Ra1 Bd8 24. b4 Qe7 25. Ra3 Rf6 26. Rb3 Qf7 27. Rfb1 Qd7 28.
Ra1 Qe6 29. Qd3 h5 30. a5 Rf7 31. Qd1 Rg7 32. h3 Nf6 33. Rd3 Rd7 34. c5 dxc5
35. Rxd7 Qxd7 36. Qb3 Qe7 37. bxc5 bxc5 38. Bc4 Qc7 39. Ba6 Rb8 40. Qe6 Qe7 41.
Qf5 Ng8 42. h4 Rb2 43. hxg5 Qd6 44. Rf1 Bxa5 45. Bc4 Qe7 46. Rd1 Rd2 47. Rxd2
Bxd2 48. Kh2 Bc3 49. Bh4 Kg7 50. Kh3 Ba5 51. Bxg8 Kxg8 52. g6 1-0

[Event "Oberliga Ost A 2016 2017"]
[Site "Germany"]
[Date "2017.02.19"]
[Round "7.7"]
[White "Muekke, Jens Frieder"]
[Black "Liedtke, Matthias"]
[Result "0-1"]
[WhiteElo "1969"]
[BlackElo "2261"]
[PlyCount "96"]
[EventDate "2016.10.16"]
[EventType "team-tourn"]
[EventCountry "GER"]
[WhiteTeam "Naumburger SV"]
[BlackTeam "Leipzig SG"]
[WhiteTeamCountry "GER"]
[BlackTeamCountry "GER"]

1. e4 e6 2. d3 d5 3. Nd2 Nf6 4. Ngf3 b6 5. g3 dxe4 6. dxe4 Bb7 7. Bd3 Nbd7 8.
Qe2 Nc5 9. Bb5+ c6 10. Bc4 b5 11. Bb3 a5 12. a3 Be7 13. Ba2 Qc7 14. O-O O-O 15.
Re1 e5 16. h3 Rad8 17. Kg2 h6 18. Nh4 Rfe8 19. Kh2 Bc8 20. Qf3 Be6 21. Nf1 Bxa2
22. Rxa2 Rd4 23. Nd2 Red8 24. Re2 g6 25. Nb3 Nxb3 26. Qxb3 Rxe4 27. Rxe4 Nxe4
28. Bxh6 Bxh4 29. gxh4 Qe7 30. Qf3 Qxh4 31. Be3 Nd2 32. Qd1 e4 33. Kg2 Nf3 34.
Qe2 Qf6 35. Ra1 Qxb2 36. Rd1 Qf6 37. Rxd8+ Qxd8 38. Bf4 Qd5 39. Qe3 c5 40. Bc7
a4 41. Qf4 b4 42. axb4 cxb4 43. Bd6 Ne1+ 44. Kg3 e3 45. f3 Nxc2 46. Qf6 e2 47.
Qd8+ Kh7 48. Qh4+ Qh5 0-1

[Event "Oberliga Ost A 2016 2017"]
[Site "Germany"]
[Date "2017.02.19"]
[Round "7.8"]
[White "Hoffmann, Hendrik"]
[Black "Will, Matthias"]
[Result "1-0"]
[WhiteElo "2298"]
[BlackElo "2024"]
[PlyCount "29"]
[EventDate "2016.10.16"]
[EventType "team-tourn"]
[EventCountry "GER"]
[WhiteTeam "Leipzig SG"]
[BlackTeam "Naumburger SV"]
[WhiteTeamCountry "GER"]
[BlackTeamCountry "GER"]

1. e4 c6 2. d4 d5 3. Nc3 dxe4 4. Nxe4 Bf5 5. Ng3 Bg6 6. h4 h6 7. Nh3 Nf6 8. Nf4
Bh7 9. Bc4 e6 10. O-O Nd5 11. Qg4 Nxf4 12. Bxf4 Qf6 13. Rfe1 Be7 14. Bxe6 O-O
15. Bc8 1-0

[Event "Oberliga Ost A 2016 2017"]
[Site "Germany"]
[Date "2017.02.19"]
[Round "7.1"]
[White "Paul, Johannes"]
[Black "Reizniece Ozola, Dana"]
[Result "1-0"]
[WhiteElo "2297"]
[BlackElo "2253"]
[PlyCount "153"]
[EventDate "2016.10.16"]
[EventType "team-tourn"]
[EventCountry "GER"]
[WhiteTeam "Magdeburg SG Aufbau Elbe"]
[BlackTeam "Loeberitz SG"]
[WhiteTeamCountry "GER"]
[BlackTeamCountry "GER"]

1. d4 g6 2. c4 Bg7 3. e4 d6 4. Nc3 Nf6 5. Nf3 O-O 6. Be2 e5 7. Be3 Ng4 8. Bg5
f6 9. Bh4 g5 10. Bg3 Nh6 11. d5 Nd7 12. Nd2 a5 13. O-O Nc5 14. Nb3 b6 15. Nxc5
bxc5 16. Rb1 Bd7 17. f3 Nf7 18. Kf2 Nh8 19. Ke3 Ng6 20. Be1 f5 21. Kd2 g4 22.
fxg4 Qg5+ 23. Kc2 fxg4 24. Qd2 Qh5 25. Bg3 Bh6 26. Qe1 Rxf1 27. Bxf1 Bf4 28.
Bd3 Qg5 29. Qg1 h5 30. Bf2 g3 31. hxg3 Bxg3 32. Bxg3 Qxg3 33. Ne2 Qg4 34. g3
Rf8 35. Rf1 Kg7 36. Rxf8 Nxf8 37. Qe1 a4 38. Qa5 c6 39. Qc7 cxd5 40. Qxd6 dxe4
41. Qxe5+ Kh6 42. Qxe4 Qxe4 43. Bxe4 Kg5 44. Kd2 Be6 45. Bd5 Kg4 46. Ke3 Kf5
47. Nf4 Bxd5 48. cxd5 Ke5 49. Nxh5 Kxd5 50. Kd3 Nd7 51. Nf4+ Kc6 52. Kc3 Ne5
53. a3 Kb5 54. Nd5 Ng4 55. Kd3 Ne5+ 56. Kc2 Nc4 57. g4 Kc6 58. Nf6 Kd6 59. Ne4+
Kd5 60. Nc3+ Kd6 61. g5 Nb6 62. Ne4+ Ke6 63. Nxc5+ Kf5 64. Kc3 Kxg5 65. Kb4 Kf6
66. Nxa4 Nd5+ 67. Kc5 Nc7 68. Nb6 Ne6+ 69. Kd6 Nd4 70. a4 Kf7 71. b4 Ke8 72.
Kc7 Ne6+ 73. Kc8 Nd8 74. b5 Ne6 75. Nd5 Nd4 76. b6 Kf7 77. Nb4 1-0

[Event "Oberliga Ost A 2016 2017"]
[Site "Germany"]
[Date "2017.02.19"]
[Round "7.2"]
[White "Schuetze, Norman"]
[Black "Melamed, Tatjana"]
[Result "1/2-1/2"]
[WhiteElo "2322"]
[BlackElo "2318"]
[PlyCount "21"]
[EventDate "2016.10.16"]
[EventType "team-tourn"]
[EventCountry "GER"]
[WhiteTeam "Loeberitz SG"]
[BlackTeam "Magdeburg SG Aufbau Elbe"]
[WhiteTeamCountry "GER"]
[BlackTeamCountry "GER"]

1. e4 c5 2. Nc3 Nc6 3. g3 g6 4. Bg2 Bg7 5. f4 e6 6. d3 Nge7 7. Be3 d6 8. Nf3
Nd4 9. O-O O-O 10. e5 Bd7 11. Ne4 1/2-1/2

[Event "Oberliga Ost A 2016 2017"]
[Site "Germany"]
[Date "2017.02.19"]
[Round "7.3"]
[White "Schoene, Maria"]
[Black "Schindler, Christian"]
[Result "1/2-1/2"]
[WhiteElo "2273"]
[BlackElo "2251"]
[PlyCount "66"]
[EventDate "2016.10.16"]
[EventType "team-tourn"]
[EventCountry "GER"]
[WhiteTeam "Magdeburg SG Aufbau Elbe"]
[BlackTeam "Loeberitz SG"]
[WhiteTeamCountry "GER"]
[BlackTeamCountry "GER"]

1. e4 Nf6 2. e5 Nd5 3. c4 Nb6 4. d4 d6 5. exd6 exd6 6. h3 Be7 7. Nf3 O-O 8. Bd3
Bf6 9. O-O Nc6 10. Nc3 Nxd4 11. Nxd4 Bxd4 12. Bxh7+ Kxh7 13. Qxd4 Bf5 14. b3
Re8 15. Bd2 f6 16. Rfe1 Qd7 17. a4 Rad8 18. a5 Nc8 19. Nd5 c6 20. Qh4+ Kg8 21.
Nf4 Rxe1+ 22. Rxe1 Re8 23. Qg3 Rxe1+ 24. Bxe1 d5 25. Nh5 Qf7 26. Qf3 Be4 27.
Qg4 Nd6 28. Bb4 Nf5 29. Bc3 Kh7 30. cxd5 cxd5 31. Ng3 Nxg3 32. Qxg3 Qg6 33.
Qxg6+ Kxg6 1/2-1/2

[Event "Oberliga Ost A 2016 2017"]
[Site "Germany"]
[Date "2017.02.19"]
[Round "7.5"]
[White "Roseneck, Jonas"]
[Black "Pallas, Sebastian"]
[Result "1-0"]
[WhiteElo "2011"]
[BlackElo "2225"]
[PlyCount "77"]
[EventDate "2016.10.16"]
[EventType "team-tourn"]
[EventCountry "GER"]
[WhiteTeam "Magdeburg SG Aufbau Elbe"]
[BlackTeam "Loeberitz SG"]
[WhiteTeamCountry "GER"]
[BlackTeamCountry "GER"]

1. e4 c5 2. Nf3 d6 3. d4 cxd4 4. Nxd4 Nf6 5. Nc3 a6 6. Be2 e6 7. g4 h6 8. h4
Be7 9. Bf3 Nfd7 10. g5 Ne5 11. gxh6 gxh6 12. Qe2 Nbc6 13. Be3 Bd7 14. O-O-O b5
15. Bg2 Rc8 16. f4 Nc4 17. Nxc6 Bxc6 18. Bd4 Rg8 19. Rhg1 Qa5 20. Bh3 Rxg1 21.
Rxg1 Qb4 22. Nd5 Bxd5 23. exd5 Na3 24. Rg8+ Bf8 25. Bc3 Qxf4+ 26. Kd1 Nc4 27.
dxe6 Ne3+ 28. Kc1 fxe6 29. Bxe6 Rc5 30. Kb1 Ke7 31. Bb3 Rf5 32. Rg1 Qf2 33. Re1
Qxe2 34. Rxe2 Rf3 35. Bd2 Rf1+ 36. Be1 h5 37. Rxe3+ Kd8 38. c3 Bh6 39. Re2 1-0

[Event "Oberliga Ost A 2016 2017"]
[Site "Germany"]
[Date "2017.02.19"]
[Round "7.6"]
[White "Niegsch, Nicolas"]
[Black "Biastoch, Bennet"]
[Result "0-1"]
[WhiteElo "2191"]
[BlackElo "2105"]
[PlyCount "70"]
[EventDate "2016.10.16"]
[EventType "team-tourn"]
[EventCountry "GER"]
[WhiteTeam "Loeberitz SG"]
[BlackTeam "Magdeburg SG Aufbau Elbe"]
[WhiteTeamCountry "GER"]
[BlackTeamCountry "GER"]

1. Nf3 d5 2. g3 g6 3. Bg2 Bg7 4. O-O Nf6 5. d3 O-O 6. Nbd2 Nbd7 7. e4 dxe4 8.
Nxe4 Nxe4 9. dxe4 Nc5 10. Qe2 Bg4 11. h3 Bd7 12. c3 a5 13. Bf4 a4 14. Ne5 Qc8
15. Nxd7 Qxd7 16. Rad1 Qe6 17. Rd5 b6 18. Bxc7 a3 19. b3 Bxc3 20. Qc4 Bb2 21.
Bxb6 Qxb6 22. Rxc5 Rad8 23. e5 Rd4 24. Qc2 Qb4 25. Rc8 Rd2 26. Rxf8+ Kxf8 27.
Qc8+ Kg7 28. e6 fxe6 29. Qxe6 Qd6 30. Qe3 Bf6 31. Bf3 Rxa2 32. b4 Bd4 33. Qg5
Rxf2 34. Rxf2 Bxf2+ 35. Kxf2 a2 0-1

[Event "Oberliga Ost A 2016 2017"]
[Site "Germany"]
[Date "2017.02.19"]
[Round "7.7"]
[White "Lopez Rojas, Jeffrey"]
[Black "Schuster, Martin"]
[Result "1/2-1/2"]
[WhiteElo "2119"]
[BlackElo "2223"]
[PlyCount "78"]
[EventDate "2016.10.16"]
[EventType "team-tourn"]
[EventCountry "GER"]
[WhiteTeam "Magdeburg SG Aufbau Elbe"]
[BlackTeam "Loeberitz SG"]
[WhiteTeamCountry "GER"]
[BlackTeamCountry "GER"]

1. d4 Nf6 2. Nf3 e6 3. c4 d5 4. g3 Be7 5. Bg2 O-O 6. O-O dxc4 7. Na3 Bxa3 8.
bxa3 Bd7 9. Ne5 Bc6 10. Nxc6 Nxc6 11. Bb2 Nd5 12. Rc1 Nb6 13. e3 Qd6 14. Qc2
Rac8 15. Rfd1 Rfd8 16. Be4 h6 17. Bh7+ Kh8 18. Be4 Kg8 19. Rb1 Rb8 20. f4 Ne7
21. Bf3 Ned5 22. Kf2 c3 23. Bxc3 Nxc3 24. Qxc3 Nd5 25. Qa5 b6 26. Qd2 Qxa3 27.
Rb3 Qa4 28. Qb2 a5 29. Rc1 Rbc8 30. Be2 Qd7 31. Ba6 Rb8 32. Bb5 Qe7 33. a3 c5
34. dxc5 bxc5 35. Qc2 Rbc8 36. Bc4 Qd6 37. Rd3 Qc7 38. Ba6 Ra8 39. Bb5 Rac8
1/2-1/2

[Event "Oberliga Ost A 2016 2017"]
[Site "Germany"]
[Date "2017.02.19"]
[Round "7.8"]
[White "Otikova, Elina"]
[Black "Rothe, Guido"]
[Result "1/2-1/2"]
[WhiteElo "2007"]
[BlackElo "2157"]
[PlyCount "118"]
[EventDate "2016.10.16"]
[EventType "team-tourn"]
[EventCountry "GER"]
[WhiteTeam "Loeberitz SG"]
[BlackTeam "Magdeburg SG Aufbau Elbe"]
[WhiteTeamCountry "GER"]
[BlackTeamCountry "GER"]

1. e4 e5 2. Nf3 Nc6 3. Bb5 a6 4. Ba4 Nf6 5. O-O Be7 6. Re1 b5 7. Bb3 O-O 8. h3
d6 9. c3 Bb7 10. d4 Re8 11. Ng5 Rf8 12. Nf3 Re8 13. Nbd2 Bf8 14. Bc2 g6 15. d5
Nb8 16. a4 Nbd7 17. b3 c6 18. c4 bxc4 19. bxc4 Bh6 20. Rb1 Qc7 21. Ba3 cxd5 22.
cxd5 Rab8 23. Bd3 Nc5 24. Bxc5 Qxc5 25. Qe2 Qa7 26. Nc4 Qc5 27. Ncd2 Qa7 28. g3
Rec8 29. Rb2 Ba8 30. Rxb8 Rxb8 31. Bxa6 Rb2 32. Rb1 Rxb1+ 33. Nxb1 Nxe4 34.
Qxe4 Qxa6 35. Nc3 Qb6 36. Qc4 Bb7 37. Nb5 f5 38. Qc7 Qxc7 39. Nxc7 Bg7 40. a5
e4 41. Nd2 Bd4 42. a6 Bc8 43. Nb5 e3 44. Nf3 exf2+ 45. Kf1 Bc5 46. a7 Bb7 47.
Nfd4 Bxd5 48. Kxf2 Kf7 49. Ke3 Kf6 50. Kd3 Ke5 51. Nc2 f4 52. gxf4+ Kxf4 53.
Ke2 Kg3 54. Nc7 Bxa7 55. Nxd5 Kxh3 56. Kd3 h5 57. Nf4+ Kg3 58. Nxg6 h4 59. Nxh4
Kxh4 1/2-1/2

[Event "Oberliga Ost A 2016 2017"]
[Site "Germany"]
[Date "2017.03.19"]
[Round "8.1"]
[White "Cerveny, Martin"]
[Black "Hoepfl, Thomas"]
[Result "1/2-1/2"]
[WhiteElo "2384"]
[BlackElo "2288"]
[PlyCount "119"]
[EventDate "2016.10.16"]
[EventType "team-tourn"]
[EventCountry "GER"]
[WhiteTeam "Aue ESV Nickelhuette II"]
[BlackTeam "Halle USV"]
[WhiteTeamCountry "GER"]
[BlackTeamCountry "GER"]

1. d4 Nf6 2. c4 g6 3. Nc3 Bg7 4. e4 d6 5. f3 O-O 6. Be3 c5 7. d5 Nbd7 8. Nge2
Ne5 9. Ng3 e6 10. h3 exd5 11. cxd5 Nh5 12. Nxh5 Qh4+ 13. g3 Qxh5 14. Be2 f5 15.
f4 Ng4 16. Qd2 Qh6 17. Bxg4 fxg4 18. h4 Re8 19. e5 dxe5 20. f5 Qh5 21. f6 Bxf6
22. Ne4 Bg7 23. Ng5 h6 24. O-O-O Bd7 25. d6 Kh8 26. Qa5 Rec8 27. Bd2 Bc6 28.
Nf7+ Kg8 29. Rhf1 Bf3 30. d7 Kxf7 31. dxc8=Q Rxc8 32. Bc3 Qf5 33. Qxa7 Kg8 34.
Qb6 c4 35. Rd6 Kh7 36. Qb5 h5 37. Rd7 Kh8 38. Rxg7 Kxg7 39. Re1 Rd8 40. Qxc4
Qf7 41. Qc5 Re8 42. Rxe5 Rxe5 43. Qxe5+ Kf8 44. Bb4+ Kg8 45. Qb8+ Kh7 46. Bc3
g5 47. hxg5 Qe7 48. Qh8+ Kg6 49. Qh6+ Kf5 50. g6 Qg5+ 51. Qxg5+ Kxg5 52. g7 Bd5
53. a4 h4 54. gxh4+ Kxh4 55. Kd2 g3 56. Bd4 Kh5 57. Kc3 Kg6 58. Kb4 Kf7 59. Kc5
Bf3 60. b4 1/2-1/2